书目信息 |
| 题名: |
大学体育教育教程
|
|
| 作者: | 范丽琼 主编 | |
| 分册: | ||
| 出版信息: | 北京 中国书籍出版社 2008.05 |
|
| 页数: | 308页 | |
| 开本: | 26cm | |
| 丛书名: | ||
| 单 册: | ||
| 中图分类: | G807.04-43 | |
| 科图分类: | ||
| 主题词: | 体育教学--教学法 | |
| 电子资源: | ||
| ISBN: | 978-7-5068-1699-1 | |
| 000 | 00647nam0 2200205 450 | |
| 001 | 0854539071 | |
| 005 | 20081212094746.34 | |
| 010 | @a978-7-5068-1699-1@dCNY28.00 | |
| 100 | @a20081211d2008 km y0chiy0120 ea | |
| 101 | 0 | @achi |
| 102 | @aCN@b110000 | |
| 200 | 1 | @a大学体育教育教程@Ada xue ti yu jiao yu jiao cheng@f范丽琼等主编@Ffan li qiong deng zhu bian |
| 210 | @a北京@c中国书籍出版社@d2008.05 | |
| 215 | @a308页@d26cm | |
| 300 | @a高职高专公共体育课通用教材 | |
| 606 | 0 | @a体育教学@x教学法 |
| 690 | @aG807.04-43@v4 | |
| 701 | 0 | @a范丽琼@Afan li qiong@4主编 |
| 801 | 0 | @aCN@b山东省滨州职业学院图书馆@c20081212 |
| 905 | @aBZT@dG807.04-43@e1@f5 | |
| 大学体育教育教程/范丽琼等主编.-北京:中国书籍出版社,2008.05 |
| 308页;26cm |
| 高职高专公共体育课通用教材 |
| ISBN 978-7-5068-1699-1:CNY28.00 |
| ● |
| 相关链接 |
|
|
|
正题名:大学体育教育教程
索取号:G807.04-43/1
 
预约/预借
| 序号 | 登录号 | 条形码 | 馆藏地/架位号 | 状态 | 备注 |
| 1 | 0689862 | 2000689862 | 样本书库/样001架B面2层1列/ [索取号:G807.04-43/1] | 在馆 | |
| 2 | 0689863 | 2000689863 | 中心书库北库/ 北库026架A面1列3层2/ [索取号:G807.04-43/1] | 在馆 | |
| 3 | 0689864 | 2000689864 | 中心书库北库/ 北库026架A面1列3层5/ [索取号:G807.04-43/1] | 在馆 | |
| 4 | 0689865 | 2000689865 | 中心书库北库/ 北库026架A面1列3层4/ [索取号:G807.04-43/1] | 在馆 | |
| 5 | 0689866 | 2000689866 | 中心书库北库/ 北库026架A面1列3层3/ [索取号:G807.04-43/1] | 在馆 |